Cómo organizar una biblioteca escolar: infantil, primaria y secundaria
Gorde:
| Egile Nagusiak: | , |
|---|---|
| Formatua: | Liburua |
| Hizkuntza: | gaztelania |
| Argitaratua: |
Madrid
Escuela Española
1998
|
| Saila: | Colección Guís Escolar, 17
|
| Gaiak: | |
| Etiketak: |
Etiketa erantsi
Etiketarik gabe, Izan zaitez lehena erregistro honi etiketa jartzen!
|
MARC
| LEADER | 00000nam a2200000 a 4500 | ||
|---|---|---|---|
| 001 | UCP2418 | ||
| 003 | CL-VaPUC | ||
| 008 | 990514e19980000SP |||||||||||||||||spa|d | ||
| 082 | 0 | 4 | |a 025.1 |b LEO |2 21 |
| 100 | 0 | |a León Otero, Luis |e author |9 429151 | |
| 700 | 0 | |a Martín Bris, Mario |e author |9 429152 | |
| 245 | 1 | 0 | |a Cómo organizar una biblioteca escolar: infantil, primaria y secundaria |
| 300 | |a 143 p | ||
| 942 | |c BK | ||
| 945 | |d 19990514 00:00:00 |a rbrito | ||
| 260 | |a Madrid |b Escuela Española |c 1998 | ||
| 650 | 7 | |a BIBLIOTECA ESCOLAR |2 CL-VaPUC |9 395917 | |
| 650 | 0 | |a Administración de Bibliotecas |9 429153 | |
| 583 | |a last modification |c 20170406 04:27:36 |k Rodrigo Vera | ||
| 490 | 0 | |a Colección Guís Escolar, 17 | |
| 999 | |c 280947 |d 280945 | ||
| 952 | |0 0 |1 0 |4 0 |6 025_100000000000000_LEO_1998 |7 0 |8 A |9 321499 |a BIBEDU |b BIBEDU |d 2019-11-20 |i 3521605 |o 025.1 LEO 1998 |p 3521605 |r 2019-11-20 |w 2019-11-20 |y BK |k EPE | ||